| 000 | 00702nam a2200229 a 4500 | ||
|---|---|---|---|
| 999 |
_c4283 _d4283 |
||
| 001 | 4283 | ||
| 003 | BD-JhCC | ||
| 005 | 20171126085542.0 | ||
| 008 | 171125b2007 b p|||| || | 000 0 b d | ||
| 020 | _a9848684441 | ||
| 035 | _a(BD-JhCC)4283 | ||
| 040 |
_aBD-JhCC _dBD-JhCC |
||
| 041 | _aben | ||
| 082 |
_a910 _bCHA 2007 |
||
| 100 | _aচক্রবর্তী, বরেন | ||
| 245 |
_aভেনাস ল্যুভর ও অন্নপূর্ণার দেশে / _cবরেন চক্রবর্তী |
||
| 260 |
_aঢাকা : _bঅন্নপ্রকাশ, _c2007. |
||
| 300 |
_a319 p. : _bill, ; _c21 cm. |
||
| 650 | _aTravelogue | ||
| 942 |
_2ddc _cBK |
||